000 01456nam a2200325 c 4500
003 BLK
005 20250515085628.0
008 180409b bul|||||r ||||||| ||bul||
010 _aKNG00101706000
040 _aBLK
041 _aBUL
_cBUL
080 _aБългарска литература
_b821.163.2
_x-311.6
_z821.163.2-311.6
080 _aБългарската държава (1218-1274)
_b94(497.2)"1218/1274"
_x
_z94(497.2)"1218/1274"
100 1 _aПопова-Мутафова, Фани Добрева
_d1902-1977
_gписател
_eпърви автор
_9366640
700 1 _aМутафчиева, Вера Петрова
_d1929-2009
_gписател, историк-османист
_9363840
139 _aПопова-Мутафова, Фани Добрева
_bП 76
245 1 0 _aЙоан Асен ІІ
_bИст. роман
_cФани Добрева Попова-Мутафова; с предг. от Вера Петрова Мутафчиева.
250 _a3. изд.
257 _aBGR
260 София
_bБълг. писател
_c1986
300 _a480 с.
_c21 см
380 _aX
500 _a1. изд. 1938-1939. - Кн. е ч. 3 от трилогията Асеновци.
852 _aЦб 143376
856 4 _qpdf
_u
856 4 _qpdf
_u
942 _cKNG
_n0
_016
944 _aCR
_c06.02.2015
_k30542
_lРусанова Ирена
944 _aED
_c16.09.2017
_kНаталия_Любомирова
999 _c96804
_d96804